[Event "GMA"]
[Site "Nancy FRA"]
[Date "2010.02.22"]
[Round "1"]
[White "Charnushevich,A"]
[Black "Mullon,J"]
[Result "1-0"]
[WhiteElo "2501"]
[BlackElo "2458"]
[EventDate "2010.02.22"]

1. c4 e5 2. Nc3 Nf6 3. Nf3 Nc6 4. e3 g6 5. d4 exd4 6. exd4 Bg7 7. Be2 O-O
8. O-O d5 9. h3 h6 10. Ne5 Ne7 11. Bf4 c5 12. dxc5 d4 13. Nb5 Nf5 14. Bd3
Nh5 15. Bh2 Qe7 16. Nf3 Qxc5 17. g4 a6 18. Nc7 Nhg3 19. Nxa8 Nxf1 20. Bxf1
Nd6 21. Rb1 h5 22. b4 Qc6 23. Nxd4 Bxd4 24. Qxd4 Nf5 25. gxf5 Bxf5 26. Re1
1-0

[Event "GMA"]
[Site "Nancy FRA"]
[Date "2010.02.22"]
[Round "1"]
[White "Wirig,A"]
[Black "Ninov,N"]
[Result "1/2-1/2"]
[WhiteElo "2497"]
[BlackElo "2511"]
[EventDate "2010.02.22"]

1. d4 d5 2. Nf3 e6 3. c4 dxc4 4. g3 c5 5. Bg2 Nc6 6. O-O cxd4 7. Qa4 Nge7
8. Rd1 Bd7 9. Qxc4 Nf5 10. Bf4 Qb6 11. Na3 Rc8 12. g4 Bd6 13. gxf5 Bxf4 14.
Nxd4 Nxd4 15. Qxd4 Qxd4 16. Rxd4 Be5 17. Rd2 exf5 18. Bxb7 Rc7 19. Bd5 Ke7
20. Nc4 Bf6 21. Rad1 Rhc8 22. b3 Be6 23. Bxe6 fxe6 24. Rd6 Bc3 25. Ra6 Bb4
26. Rd3 Bc5 27. Ne5 Bb6 1/2-1/2

[Event "GMA"]
[Site "Nancy FRA"]
[Date "2010.02.22"]
[Round "1"]
[White "Brunner,N"]
[Black "Solodovnichenko,Y"]
[Result "1/2-1/2"]
[WhiteElo "2420"]
[BlackElo "2578"]
[EventDate "2010.02.22"]

1. d4 d6 2. c4 e5 3. Nc3 exd4 4. Qxd4 Nc6 5. Qd2 Nf6 6. b3 a5 7. Bb2 a4 8.
Rd1 axb3 9. axb3 g6 10. e4 Bg7 11. Bd3 O-O 12. Nge2 Ng4 13. O-O Nce5 14. h3
Nxd3 15. Qxd3 Ne5 16. Qe3 Re8 17. c5 Ra6 18. f4 Nd7 19. cxd6 cxd6 20. f5
Qb6 21. Nd4 Qc5 22. Qf2 Ne5 23. f6 Bh6 24. Kh1 Nc6 25. Ndb5 Qxf2 26. Rxf2
Rd8 27. Rxd6 Rxd6 28. Nxd6 Be6 29. Nd5 Na5 30. Be5 Nxb3 31. Nc7 Ra5 32.
Nxe6 Rxe5 33. Nd8 Ra5 34. N8xf7 Bf8 35. Rc2 Nc5 36. e5 b6 37. Rb2 Ra6 38.
Ng5 Bxd6 39. exd6 h6 40. Nf3 Kf7 41. Ne5+ Kxf6 42. d7 Ra1+ 43. Kh2 Rd1 44.
Ng4+ 1/2-1/2

[Event "GMA"]
[Site "Nancy FRA"]
[Date "2010.02.23"]
[Round "2"]
[White "Charnushevich,A"]
[Black "Pelletier,Y"]
[Result "1/2-1/2"]
[WhiteElo "2501"]
[BlackElo "2602"]
[EventDate "2010.02.22"]

1. d4 Nf6 2. Nf3 e6 3. e3 b6 4. Bd3 Bb7 5. O-O Be7 6. c4 c5 7. Nc3 cxd4 8.
exd4 d5 9. cxd5 Nxd5 10. Nxd5 Bxd5 11. Ne5 O-O 12. Qh5 g6 13. Nxg6 fxg6 14.
Bxg6 hxg6 15. Qxg6+ Kh8 16. Qh6+ Kg8 17. Qg6+ Kh8 18. Qh6+ Kg8 1/2-1/2

[Event "GMA"]
[Site "Nancy FRA"]
[Date "2010.02.23"]
[Round "2"]
[White "Mullon,J"]
[Black "Solodovnichenko,Y"]
[Result "0-1"]
[WhiteElo "2458"]
[BlackElo "2578"]
[EventDate "2010.02.22"]

1. e4 c5 2. Nf3 d6 3. Bb5+ Nd7 4. d4 Ngf6 5. O-O a6 6. Bxd7+ Nxd7 7. Nc3
cxd4 8. Qxd4 e6 9. Bg5 Qc7 10. Rfe1 Ne5 11. Nd2 h6 12. Be3 b5 13. Nf1 Bd7
14. Ng3 h5 15. f4 Nc6 16. Qd2 h4 17. Nf1 h3 18. g3 g5 19. Nd5 exd5 20. exd5
Ne7 21. Bd4 Rg8 22. fxg5 O-O-O 23. Bf6 Ng6 24. Re3 Kb8 25. a4 Rc8 26. axb5
Ne5 27. bxa6 Ka8 28. Bxe5 dxe5 29. Kh1 Qxc2 30. Rxe5 Bg4 31. Qxc2 Rxc2 32.
Ne3 Bf3+ 33. Kg1 Bc5 34. d6 Rg2+ 35. Kf1 Be2+ 36. Ke1 Bb4+ 0-1

[Event "GMA"]
[Site "Nancy FRA"]
[Date "2010.02.23"]
[Round "2"]
[White "Postny,E"]
[Black "Brunner,N"]
[Result "1/2-1/2"]
[WhiteElo "2648"]
[BlackElo "2420"]
[EventDate "2010.02.22"]

1. d4 d5 2. c4 c6 3. Nf3 Nf6 4. Nc3 e6 5. g3 dxc4 6. Bg2 b5 7. O-O Bb7 8.
e4 Be7 9. e5 Nd5 10. Ne4 h6 11. Nh4 g5 12. Nf3 Nd7 13. a4 a6 14. Re1 Qc7
15. Bd2 Nb4 16. axb5 axb5 17. Rxa8+ Bxa8 18. Nd6+ Bxd6 19. exd6 Qxd6 20.
Ne5 Nxe5 21. dxe5 Qc5 22. Be3 Qe7 23. Qa1 O-O 24. Qa3 Re8 25. Ra1 Bb7 26.
Qc3 Nd5 27. Qd4 Ra8 28. Rxa8+ Bxa8 29. Bd2 Qf8 30. h4 c5 31. Qg4 Ne7 32.
hxg5 hxg5 33. Bxg5 Ng6 34. Bf6 Bxg2 35. Kxg2 Qa8+ 36. Kh2 Qd5 37. Qg5 Qf3
38. Qd2 Kh7 39. Kg1 Qf5 40. Qe3 b4 41. Qxc5 Qb1+ 42. Kg2 Qe4+ 43. Kh2 Qf5
44. Kg1 Qb1+ 45. Kg2 Qe4+ 46. Kg1 Qf5 1/2-1/2

[Event "GMA"]
[Site "Nancy FRA"]
[Date "2010.02.23"]
[Round "3"]
[White "Solodovnichenko,Y"]
[Black "Postny,E"]
[Result "0-1"]
[WhiteElo "2578"]
[BlackElo "2648"]
[EventDate "2010.02.22"]

1. e4 e5 2. Nf3 Nc6 3. Bb5 a6 4. Ba4 Nf6 5. O-O Be7 6. Re1 b5 7. Bb3 d6 8.
c3 O-O 9. h3 Na5 10. Bc2 c5 11. d4 Qc7 12. Nbd2 Be6 13. Nf1 Nc4 14. d5 Bd7
15. g4 a5 16. Ng3 g6 17. Kh2 Rfb8 18. Rg1 a4 19. Qe2 Nb6 20. Bb1 Qc8 21.
Ng5 Qd8 22. Nf5 gxf5 23. gxf5 Kf8 24. Ne6+ Bxe6 25. fxe6 fxe6 26. dxe6 Qc8
27. Qxb5 Ng8 28. Qe2 Qxe6 29. a3 c4 30. Ba2 Rc8 31. Be3 Nd7 32. Rg2 Ngf6
33. Rag1 Ke8 34. Rg5 Nf8 35. f4 exf4 36. Bxf4 Qxe4 37. Qf2 Ne6 38. Bc1 Nxg5
39. Bxg5 Qe5+ 40. Bf4 Qh5 41. Qe3 Qc5 42. Qe2 Nh5 43. Re1 Ra7 0-1

[Event "GMA"]
[Site "Nancy FRA"]
[Date "2010.02.23"]
[Round "3"]
[White "Brunner,N"]
[Black "Ninov,N"]
[Result "1/2-1/2"]
[WhiteElo "2420"]
[BlackElo "2511"]
[EventDate "2010.02.22"]

1. d4 Nf6 2. c4 e6 3. Nc3 Bb4 4. Qc2 O-O 5. a3 Bxc3+ 6. Qxc3 d6 7. Bg5 Nbd7
8. f3 e5 9. e4 exd4 10. Qxd4 a5 11. Ne2 a4 12. Nc3 Nc5 13. Bxf6 gxf6 14.
Rd1 Re8 15. Be2 f5 16. Nd5 Nd7 17. exf5 Ra5 18. f6 Re6 19. Qg4+ Kf8 20.
Qg7+ Ke8 21. O-O Nxf6 22. Rfe1 c6 23. Nf4 Ree5 24. Qh8+ Ke7 25. Qxd8+ Kxd8
26. Rxd6+ Ke7 27. Rdd1 Bf5 28. Kf2 Bc2 29. Rd2 Bb3 30. g4 h5 31. h3 hxg4
32. hxg4 Nd7 33. Nd3 Re6 34. Nc1 Rae5 35. Nd3 Ra5 36. Nf4 Ree5 37. Rc1 Rg5
38. Bd1 Bxd1 39. Rcxd1 Nb6 40. Rd4 Rac5 41. Re1+ Rge5 42. Rxe5+ Rxe5 43.
Nd3 Ra5 44. Re4+ Kf8 45. f4 f5 46. gxf5 Rxf5 47. c5 Nd7 48. Rxa4 Nxc5 49.
Nxc5 Rxc5 50. Ke3 Rc2 51. b4 b5 52. Ra7 Rc4 53. Kf3 c5 54. bxc5 Rxc5 55.
Kg4 Rd5 56. Ra5 Rd3 57. Kg5 Rb3 58. Kf6 Kg8 59. f5 b4 60. a4 Ra3 61. Ra8+
Kh7 62. Ra7+ Kh6 63. Kf7 b3 64. Ra6+ Kh7 65. f6 b2 66. Ra5 Kh6 67. Rb5 Rxa4
68. Rxb2 Ra7+ 69. Ke6 Ra6+ 70. Ke7 Ra7+ 71. Kd8 Kg6 72. Rf2 Rf7 73. Ke8
Rxf6 74. Rxf6+ Kxf6 1/2-1/2

[Event "GMA"]
[Site "Nancy FRA"]
[Date "2010.02.23"]
[Round "3"]
[White "Wirig,A"]
[Black "Charnushevich,A"]
[Result "1/2-1/2"]
[WhiteElo "2497"]
[BlackElo "2501"]
[EventDate "2010.02.22"]

1. e4 c6 2. d4 d5 3. Nc3 dxe4 4. Nxe4 Nd7 5. Nf3 Ngf6 6. Nxf6+ Nxf6 7. c3
Bg4 8. h3 Bxf3 9. Qxf3 Qd5 10. Be2 Qxf3 11. Bxf3 e6 12. O-O Be7 13. c4 O-O
14. Bg5 h6 15. Bxf6 Bxf6 16. Rad1 Rad8 17. d5 exd5 18. cxd5 cxd5 19. Bxd5
Rd7 20. b3 Rfd8 21. Bf3 Rxd1 22. Rxd1 1/2-1/2

[Event "GMA"]
[Site "Nancy FRA"]
[Date "2010.02.24"]
[Round "4"]
[White "Ninov,N"]
[Black "Solodovnichenko,Y"]
[Result "1/2-1/2"]
[WhiteElo "2511"]
[BlackElo "2578"]
[EventDate "2010.02.22"]

1. e4 c5 2. Nf3 d6 3. d4 Nf6 4. Nc3 cxd4 5. Nxd4 g6 6. Be3 Bg7 7. f3 Nc6 8.
Qd2 O-O 9. Bc4 Bd7 10. O-O-O Rc8 11. Bb3 Nxd4 12. Bxd4 b5 13. e5 dxe5 14.
Bxe5 Bc6 15. Qxd8 Rfxd8 16. a4 bxa4 17. Bxa4 Bxa4 18. Nxa4 Nd5 19. Bxg7
Kxg7 20. Rhe1 Kf6 21. Re4 e5 22. g3 Ne7 1/2-1/2

[Event "GMA"]
[Site "Nancy FRA"]
[Date "2010.02.24"]
[Round "4"]
[White "Mullon,J"]
[Black "Postny,E"]
[Result "0-1"]
[WhiteElo "2458"]
[BlackElo "2648"]
[EventDate "2010.02.22"]

1. e4 e5 2. Nf3 Nc6 3. Nc3 Nf6 4. Bb5 Bd6 5. O-O O-O 6. d3 h6 7. Ne2 Re8 8.
Ng3 Bf8 9. c3 d6 10. Re1 Bd7 11. Ba4 g6 12. d4 Bg7 13. d5 Ne7 14. c4 c6 15.
Bd2 Rb8 16. dxc6 Nxc6 17. Bc3 Qc7 18. Nd2 a6 19. Bxc6 Bxc6 20. a4 b5 21.
axb5 axb5 22. cxb5 Rxb5 23. Nc4 d5 24. exd5 Nxd5 25. Ba5 Qe7 26. Ne4 Nf4
27. Ra3 Rd5 28. Qc2 f5 29. Nb6 Rxa5 30. Qxc6 Rxa3 31. Nd6 Rd8 32. Nbc8 Qe6
33. bxa3 Bf8 34. Rd1 Ne2+ 35. Kh1 Nd4 36. Qc7 Rxd6 37. Nxd6 Bxd6 38. Qd8+
Bf8 39. Rc1 Qe7 40. Qd5+ Qe6 41. Qd8 Qd6 42. Qe8 Nb3 43. Re1 e4 44. h3 Kg7
45. a4 h5 46. Qb5 Nc5 47. a5 Nd3 48. Re2 Qd4 49. Qb6 Bc5 50. Qc7+ Kh6 51.
Qc8 h4 52. Kh2 Nxf2 53. Rxf2 Qe5+ 54. Kg1 Qa1+ 55. Kh2 Bd6+ 0-1

[Event "GMA"]
[Site "Nancy FRA"]
[Date "2010.02.25"]
[Round "5"]
[White "Wirig,A"]
[Black "Mullon,J"]
[Result "1/2-1/2"]
[WhiteElo "2497"]
[BlackElo "2458"]
[EventDate "2010.02.22"]

1. e4 c5 2. Nf3 e6 3. d4 cxd4 4. Nxd4 a6 5. Bd3 Nc6 6. Nxc6 dxc6 7. Nd2 e5
8. Nc4 Be6 9. Bd2 Bxc4 10. Bxc4 Nf6 11. Qe2 Bc5 12. O-O Qe7 13. a4 O-O 14.
Kh1 Rad8 15. Bd3 Bd4 16. Rab1 Rd7 17. Qf3 Qe6 18. h3 Ne8 19. Qe2 Nc7 20.
Rbd1 Qe7 21. Qg4 Ne6 22. Bc4 b5 23. axb5 axb5 24. Bb3 Rd6 25. c3 Bc5 26.
Bc1 Rxd1 27. Qxd1 Rd8 28. Qf3 Qf6 29. Qxf6 gxf6 30. Kg1 Nf4 1/2-1/2

[Event "GMA"]
[Site "Nancy FRA"]
[Date "2010.02.25"]
[Round "5"]
[White "Brunner,N"]
[Black "Charnushevich,A"]
[Result "1/2-1/2"]
[WhiteElo "2420"]
[BlackElo "2501"]
[EventDate "2010.02.22"]

1. d4 d5 2. c4 e6 3. Nc3 Be7 4. cxd5 exd5 5. Bf4 Nf6 6. e3 c6 7. Bd3 Nbd7
8. Nf3 Nh5 9. Bg3 Nxg3 10. hxg3 Nf6 11. Qc2 h6 12. Nh4 g6 13. O-O-O Be6 14.
Nf3 Qd6 15. Ne5 Ng4 16. Nxg4 Bxg4 17. f3 Be6 18. g4 O-O-O 19. Kb1 Kb8 20.
Qf2 1/2-1/2

[Event "GMA"]
[Site "Nancy FRA"]
[Date "2010.02.25"]
[Round "5"]
[White "Postny,E"]
[Black "Ninov,N"]
[Result "1/2-1/2"]
[WhiteElo "2648"]
[BlackElo "2511"]
[EventDate "2010.02.22"]

1. d4 d5 2. c4 e6 3. Nf3 Nf6 4. Bg5 dxc4 5. Nc3 c5 6. e3 cxd4 7. exd4 b5 8.
Nxb5 Qa5+ 9. Nc3 Bb4 10. Bd2 Ba6 11. Ne5 O-O 12. Bxc4 Bxc4 13. Nxc4 Qa6 14.
b3 Nc6 15. Ne2 Bxd2+ 16. Qxd2 Rfd8 17. Qb2 Rab8 18. Qc3 Nd5 19. Qf3 Ndb4
20. O-O Nc2 21. Rad1 N2xd4 22. Nxd4 Nxd4 23. Qe3 1/2-1/2

[Event "GMA"]
[Site "Nancy FRA"]
[Date "2010.02.25"]
[Round "6"]
[White "Charnushevich,A"]
[Black "Solodovnichenko,Y"]
[Result "1/2-1/2"]
[WhiteElo "2501"]
[BlackElo "2578"]
[EventDate "2010.02.22"]

1. c4 e5 2. Nc3 d6 3. g3 f5 4. Bg2 Nf6 5. e3 Be7 6. Nge2 O-O 7. O-O Kh8 8.
d4 Qe8 9. Bd2 Nc6 10. Nd5 Bd8 11. b4 Ne4 12. b5 Nxd2 13. Qxd2 Ne7 14. Ndc3
g5 15. f4 Ng6 16. Rad1 gxf4 17. exf4 e4 18. Nd5 a6 19. a4 axb5 20. axb5 c6
21. bxc6 bxc6 22. Ne3 Ra3 23. Nc2 Ra4 24. Ne3 Ra3 25. Nc2 Ra4 26. Nc3 Rxc4
27. Ne3 Rb4 28. Nxe4 Rb3 29. Nxd6 Qxe3+ 1/2-1/2

[Event "GMA"]
[Site "Nancy FRA"]
[Date "2010.02.25"]
[Round "6"]
[White "Mullon,J"]
[Black "Ninov,N"]
[Result "1/2-1/2"]
[WhiteElo "2458"]
[BlackElo "2511"]
[EventDate "2010.02.22"]

1. e4 c5 2. Nf3 d6 3. d4 Nf6 4. Nc3 cxd4 5. Nxd4 a6 6. a4 Nc6 7. Bc4 Bd7 8.
O-O Rc8 9. Ba2 g6 10. Nxc6 Bxc6 11. Bg5 Bg7 12. Re1 O-O 13. a5 b5 14. axb6
Qxb6 15. Bb3 Bb7 16. Qd3 e6 17. Rad1 d5 18. Bxf6 1/2-1/2

[Event "GMA"]
[Site "Nancy FRA"]
[Date "2010.02.26"]
[Round "7"]
[White "Solodovnichenko,Y"]
[Black "Pelletier,Y"]
[Result "1-0"]
[WhiteElo "2578"]
[BlackElo "2602"]
[EventDate "2010.02.22"]

1. e4 e6 2. d4 d5 3. Nc3 dxe4 4. Nxe4 Nd7 5. Nf3 Ngf6 6. Nxf6+ Nxf6 7. Be2
Bd6 8. O-O O-O 9. c4 b6 10. Qc2 Bb7 11. Bg5 h6 12. Bxf6 Qxf6 13. c5 bxc5
14. dxc5 Be7 15. c6 Bc8 16. b3 e5 17. Qe4 Bf5 18. Qxe5 Qxe5 19. Nxe5 Bf6
20. Nd7 Bxd7 21. cxd7 Bxa1 22. Rxa1 Rfd8 23. Bb5 Rab8 24. Re1 f6 25. Bc6
Kf7 26. g4 Rb6 27. Re8 Rbb8 28. Re3 Rb6 29. Re8 Rbb8 30. Kg2 Rxe8 31.
dxe8=Q+ Rxe8 32. Bxe8+ Kxe8 33. Kf3 Kd7 34. Ke4 Ke6 35. b4 c6 36. h4 g6 37.
h5 gxh5 38. gxh5 f5+ 39. Kd4 f4 40. f3 Kf5 41. Kc5 Kg5 42. Kxc6 Kxh5 43.
Kb7 Kg5 44. Kxa7 h5 45. b5 h4 46. b6 h3 47. b7 h2 48. b8=Q h1=Q 49. Qe5+
Kg6 50. Qxf4 Qg1+ 51. Ka6 Qf1+ 52. Ka5 Qf2 53. Qe4+ Kg5 54. Qd5+ Kf4 55.
Qd6+ Kg5 56. Qe7+ Kg6 57. Qe4+ Kg5 58. a4 Qa7+ 59. Kb4 Qb6+ 60. Kc4 Qa6+
61. Kb3 Qb6+ 62. Kc3 Qc5+ 63. Kd3 Qa3+ 64. Ke2 Qb2+ 65. Kf1 Qa2 66. Qb4 Kf5
67. a5 Kg5 68. Ke1 Kf5 69. Qg4+ Kf6 70. Qf4+ Kg6 71. Qd2 Qa1+ 72. Kf2 Qe5
73. Kg2 Kh5 74. Qb4 Qe2+ 75. Kg3 Qe5+ 76. Kh3 Qe2 77. Qh4+ 1-0

[Event "GMA"]
[Site "Nancy FRA"]
[Date "2010.02.26"]
[Round "7"]
[White "Brunner,N"]
[Black "Wirig,A"]
[Result "1/2-1/2"]
[WhiteElo "2420"]
[BlackElo "2497"]
[EventDate "2010.02.22"]

1. d4 Nf6 2. c4 e6 3. Nc3 Bb4 4. Qc2 O-O 5. a3 Bxc3+ 6. Qxc3 d5 7. Nf3 dxc4
8. Qxc4 b6 9. Bg5 Ba6 10. Qc2 Nbd7 11. e4 Bxf1 12. Rxf1 Qc8 13. O-O-O Qb7
14. Rfe1 c5 15. d5 exd5 16. exd5 Rfe8 17. Rxe8+ Rxe8 18. d6 h6 19. Bh4 Re6
20. Bxf6 Nxf6 21. Qf5 Nd7 22. Qd3 Qc6 23. Qa6 Rxd6 24. Rxd6 Qxd6 25. Qxa7
Qf4+ 26. Kb1 Qe4+ 27. Ka1 Qd3 28. Qc7 Kh7 29. Qf4 Qd1+ 30. Ka2 Qd5+ 31. Ka1
Qd1+ 32. Ka2 Qd5+ 1/2-1/2

[Event "GMA"]
[Site "Nancy FRA"]
[Date "2010.02.27"]
[Round "8"]
[White "Pelletier,Y"]
[Black "Postny,E"]
[Result "1/2-1/2"]
[WhiteElo "2602"]
[BlackElo "2648"]
[EventDate "2010.02.22"]

1. d4 d5 2. c4 c6 3. Nf3 Nf6 4. Nc3 dxc4 5. a4 e6 6. e3 c5 7. Bxc4 cxd4 8.
exd4 Be7 9. O-O O-O 10. Re1 Nc6 11. Bg5 Bd7 12. Qe2 Nb4 13. Ne5 Rc8 14.
Rad1 Nfd5 15. Nxd5 exd5 16. Nxd7 Bxg5 17. Bb5 a6 18. Nxf8 axb5 19. Nxh7
Kxh7 20. Qxb5 Qd6 21. Qxb7 Rc7 22. Qb5 g6 23. Re8 Bf6 24. Re3 Bxd4 25. Rh3+
Kg7 26. Qe8 Qf8 27. Qxf8+ Kxf8 28. Rb3 Rc4 29. g3 Ke7 30. a5 f5 31. a6 Nc6
32. Ra3 Kd6 33. b3 Rb4 34. Ra4 Ba7 35. Rxb4 Nxb4 36. Rc1 Bd4 37. Rc8 Nxa6
38. Rg8 Nc5 39. Rxg6+ Ke7 40. b4 Ne4 41. Kg2 Nxf2 42. h4 Nd3 43. b5 f4 44.
Rg5 fxg3 45. Kxg3 Kd6 46. h5 Ne5 47. h6 Kc5 48. h7 Nf7 49. Rf5 Nd6 50. Rf8
Kxb5 51. h8=Q Bxh8 52. Rxh8 1/2-1/2

[Event "GMA"]
[Site "Nancy FRA"]
[Date "2010.02.27"]
[Round "8"]
[White "Wirig,A"]
[Black "Solodovnichenko,Y"]
[Result "1-0"]
[WhiteElo "2497"]
[BlackElo "2578"]
[EventDate "2010.02.22"]

1. d4 Nf6 2. Nf3 c5 3. d5 b5 4. Bg5 Qb6 5. a4 b4 6. Nbd2 Nxd5 7. e4 Nf6 8.
Bc4 e6 9. O-O Bb7 10. Re1 Nc6 11. e5 h6 12. Bh4 g5 13. Bg3 Nh5 14. Bb5 Nxg3
15. hxg3 O-O-O 16. Nc4 Qc7 17. Nd6+ Bxd6 18. exd6 Qb6 19. c3 b3 20. Ra3 Na5
21. Ne5 Rhf8 22. Rxb3 Kb8 23. Ra3 a6 24. b4 cxb4 25. cxb4 axb5 26. bxa5
Qxa5 27. Qb1 f6 28. Nd3 b4 29. Nxb4 Ka8 30. Nc2 Rb8 31. Qb5 Qa7 32. Qxd7 e5
33. Ne3 Rfd8 34. Qe6 Qc5 35. Rd3 f5 36. Qxf5 Rxd6 37. Rxd6 Qxd6 38. Rd1 Qc5
39. Qf6 Ka7 40. Qxh6 Rf8 41. Qd6 Qc8 42. Rb1 Rh8 43. Qb6+ Ka8 44. Qa5+ Kb8
45. Qxe5+ Ka8 46. Nd5 Ka7 47. Qd4+ Kb8 48. Rxb7+ 1-0

[Event "GMA"]
[Site "Nancy FRA"]
[Date "2010.02.28"]
[Round "9"]
[White "Postny,E"]
[Black "Wirig,A"]
[Result "1-0"]
[WhiteElo "2648"]
[BlackElo "2497"]
[EventDate "2010.02.22"]

1. d4 Nf6 2. c4 e6 3. Nf3 d5 4. g3 dxc4 5. Bg2 c5 6. O-O Nc6 7. Ne5 Bd7 8.
Na3 cxd4 9. Naxc4 Rc8 10. Qb3 Nxe5 11. Nxe5 Bc6 12. Nxc6 bxc6 13. Rd1 c5
14. e3 Bd6 15. exd4 c4 16. Qb5+ Qd7 17. a4 O-O 18. Be3 Qe7 19. a5 h6 20. a6
Ng4 21. Bd2 Rb8 22. Bb7 Rfc8 23. Rac1 e5 24. h3 Nf6 25. dxe5 Bxe5 26. Re1
Rc5 27. Qb4 Qc7 28. Be3 Bd6 29. Qc3 1-0

[Event "GMA"]
[Site "Nancy FRA"]
[Date "2010.02.28"]
[Round "9"]
[White "Brunner,N"]
[Black "Mullon,J"]
[Result "0-1"]
[WhiteElo "2420"]
[BlackElo "2458"]
[EventDate "2010.02.22"]

1. d4 d5 2. c4 c6 3. Nc3 Nf6 4. Nf3 dxc4 5. a4 e6 6. Bg5 Qa5 7. Bd2 c5 8.
d5 Qd8 9. e4 Nxe4 10. Nxe4 exd5 11. Ng3 Be7 12. Be2 O-O 13. O-O Bf6 14. Qc2
Nc6 15. Nh5 Re8 16. Nxf6+ Qxf6 17. Bg5 Bf5 18. Qd2 Qe6 19. Rfe1 Be4 20.
Rac1 h6 21. Bh4 b6 22. Qd1 Qg6 23. Bg3 Qf6 24. Rc3 Nb4 25. Bf1 Rac8 26. h3
Nd3 27. Bxd3 cxd3 28. Nd2 Bg6 29. Nf3 Be4 30. Nh2 d4 31. Rc1 c4 32. Ng4 Qf5
33. f3 Bd5 34. Qd2 Rxe1+ 35. Bxe1 Re8 36. Qf2 h5 37. Nh2 Re2 38. Qh4 d2 39.
Bxd2 Rxd2 40. Nf1 Rxg2+ 0-1